000 01304cam a2200349 i 4500
001 18071701
003 NUST
005 20210112110506.0
008 140318s2014 nyua b 001 0 eng
010 _a 2013372091
020 _a9780073380322 (hbk)
038 _aSNS Library Staff
040 _aDLC
_beng
_erda
_cDLC
042 _apcc
050 0 0 _aTA357
_b.C43 2014
082 _a620.106 CEN 2014
_bCEN
100 1 _aÇengel, Yunus A.
_92462
245 1 0 _aFluid Mechanics :
_bFundamentals and Applications
_cYunus A. Çengel, Department of Mechanical Engineering, University of Nevada, Reno, John M. Cimbala, Department of Mechanical and Nuclear Engineering, The Pennsylvania State University.
250 _aThird edition.
264 1 _aNew York :
_bMcGraw Hill,
_c[2014]
300 _axxii, 1000 pages :
_billustrations (chiefly color) ;
_c26 cm
336 _atext
_btxt
_2rdacontent
337 _aunmediated
_bn
_2rdamedia
338 _avolume
_bnc
_2rdacarrier
440 _aFluid Mechanics
_935571
504 _aIncludes bibliographical references and index.
650 0 _aFluid dynamics.
_91384
700 1 _aCimbala, John M.
_930266
906 _a7
_bcbc
_corignew
_d2
_encip
_f20
_gy-gencatlg
942 _2ddc
_cBK
_k620.106 CEN 2014
999 _c541220
_d541220